| 000 | 00570nam a22002057a 4500 | ||
|---|---|---|---|
| 005 | 20251108165833.0 | ||
| 008 | 250721s2001 xx 000 0 ara d | ||
| 082 | 1 | 4 | _a519.53/مبا |
| 100 | 1 | _aالأخرس، عاطف | |
| 245 | 1 | 0 | _aمبادىء الإحصاء / |
| 264 | 1 |
_aعمان : _bدار البركة، _c2001. |
|
| 300 | _a260ص | ||
| 650 | 1 | 7 | _aالإحصاء الوصفي |
| 650 | 1 | 7 | _aالبيانات |
| 700 | 1 | _aحمودة، سمير | |
| 700 | 1 | _aإبراهيم، يزن | |
| 700 | 1 | _aراتب، هاشم | |
| 942 |
_2ddc _cBK |
||
| 999 |
_c32541 _d32541 |
||